<?xml version="1.0" encoding="UTF-8"?>
<record
    xmlns:xsi="http://www.w3.org/2001/XMLSchema-instance"
    xsi:schemaLocation="http://www.loc.gov/MARC21/slim http://www.loc.gov/standards/marcxml/schema/MARC21slim.xsd"
    xmlns="http://www.loc.gov/MARC21/slim">

  <leader>04905nam a2200373 a 4500</leader>
  <controlfield tag="001">ebr10695224</controlfield>
  <controlfield tag="003">CaPaEBR</controlfield>
  <controlfield tag="006">m        u        </controlfield>
  <controlfield tag="007">cr cn|||||||||</controlfield>
  <controlfield tag="008">100902s2010    enkab   sb    000 0 eng d</controlfield>
  <datafield tag="010" ind1=" " ind2=" ">
    <subfield code="z">  2010037974</subfield>
  </datafield>
  <datafield tag="020" ind1=" " ind2=" ">
    <subfield code="z">9781842173909 (hardback)</subfield>
  </datafield>
  <datafield tag="020" ind1=" " ind2=" ">
    <subfield code="z">1842173901 (hardback)</subfield>
  </datafield>
  <datafield tag="020" ind1=" " ind2=" ">
    <subfield code="z">9781842178812 (e-book)</subfield>
  </datafield>
  <datafield tag="040" ind1=" " ind2=" ">
    <subfield code="a">CaPaEBR</subfield>
    <subfield code="c">CaPaEBR</subfield>
  </datafield>
  <datafield tag="035" ind1=" " ind2=" ">
    <subfield code="a">(OCoLC)839388962</subfield>
  </datafield>
  <datafield tag="050" ind1="1" ind2="4">
    <subfield code="a">CC79.5.A5</subfield>
    <subfield code="b">A56 2010eb</subfield>
  </datafield>
  <datafield tag="082" ind1="0" ind2="4">
    <subfield code="a">930.1</subfield>
    <subfield code="2">22</subfield>
  </datafield>
  <datafield tag="245" ind1="0" ind2="0">
    <subfield code="a">Anthropological approaches to zooarchaeology</subfield>
    <subfield code="h">[electronic resource] :</subfield>
    <subfield code="b">complexity, colonialism, and animal transformations /</subfield>
    <subfield code="c">edited by D. Campana ... [et al.].</subfield>
  </datafield>
  <datafield tag="260" ind1=" " ind2=" ">
    <subfield code="a">Oxford, U.K. :</subfield>
    <subfield code="b">Oxbow Books ;</subfield>
    <subfield code="a">Oakville, Conn. :</subfield>
    <subfield code="b">David Brown Book Co.,</subfield>
    <subfield code="c">c2010.</subfield>
  </datafield>
  <datafield tag="300" ind1=" " ind2=" ">
    <subfield code="a">xii, 274 p. :</subfield>
    <subfield code="b">ill., maps.</subfield>
  </datafield>
  <datafield tag="504" ind1=" " ind2=" ">
    <subfield code="a">Includes bibliographical references.</subfield>
  </datafield>
  <datafield tag="505" ind1="0" ind2=" ">
    <subfield code="a">Animals and complexity : how zooarchaeologists contribute to the study of complex society in the New and Old Worlds / Justin Lev-Tov and Susan D. deFrance -- A bird's eye view of ritual at the Cahokia Site / Lucretia S. Kelly -- The organization of animal production in an early urban center : the zooarchaeological evidence from early Bronze Age Titri&#xFFFD;s H&#xFFFD;oy&#xFFFD;uk, southeastern Turkey / Adam Allentuck and Haskel J. Greenfield -- Animal-derived artefacts at two pre-Columbian sites in the ancient savannas of central Panama : an update on their relevance to studies of social hierarchy and cultural attitudes towards animals / Richard Cooke and M&#xFFFD;aximo Jim&#xFFFD;enez -- Body parts, placements and people in an Iron Age town in Bulgaria / Sue Stallibrass -- Status and diet at the workers' town, Giza, Egypt / Richard Redding -- Chiefly fare or who's feeding the cacique? : equality in animal use at the Tibes ceremonial center, Puerto Rico / Susan D. deFrance -- A plebeian perspective on empire economies : faunal remains from Tel Miqne-Ekron, Israel / Justin Lev-Tov -- Continuity and change in faunal consumption patterns at the pre-Inka and Inka site of Yoroma, Bolivia / Jose M. Capriles, Alejandra I. Domic, and Sonia Alconini -- Living on the frontier : "Scythian" and "Celtic" animal exploitation in Iron Age northeastern Hungary / L&#xFFFD;aszl&#xFFFD;o Bartosiewicz and Erika G&#xFFFD;al -- Archaeozoology and colonialism : an introduction / Douglas V. Campana --Craving for hunger: a zooarchaeological study at the the edge of the Spanish empire / Mariana E. De Nigris, Paula S. Palombo, and Mar&#xFFFD;ia X. Senatore -- Zooarchaeology in the Spanish borderlands of the American Southwest : challenges and opportunities / Diane Gifford-Gonzalez -- Animal husbandry at Pimer&#xFFFD;ia Alta missions : el ganado en el sudoeste de Norteam&#xFFFD;erica / Barnet Pavao-Zuckerman -- The adoption and use of domestic animals at Zuni / Carmen Tarcan and Jonathan Driver -- "Romanizing" ancient Carthage : evidence from zooarchaeological remains / Michael MacKinnon -- Animal keeping and Roman colonization in the province of Pannonia Inferior, western Hungary / Kyra Lyublyanovics -- Zooarchaeology and colonialism in Roman Britain : evidence from Icklingham / Pam J. Crabtree -- The bone is the beast : animal amulets and ornaments in power and magic / Alice Choyke -- Skeletal manipulations of dogs at the Bronze Age site of Sz&#xFFFD;azhalombatta-F&#xFFFD;oldv&#xFFFD;ar in Hungary / Maria Vretemark and Sabine Sten -- Bovid skulls in southeastern European Neolithic dwellings : the case of the subterranean circular room at Promachon-Topolni&#xFFFD;ca in the Strymon Valley, Greece / Katerina Trantalidou -- Symbolism of sharks for fishing-gatherer groups from the Sao Paulo coast, Brazil / Manoel M.B. Gonzalez -- Tupilak transformations : traditional ivory objects as modern souvenirs / Bonnie C. Yates and Margaret E. Sims -- The birds and animals in ancient Armenian art / Ninna Manaseryan -- The transformations of the quetzal bird / Carmen Aguilera -- Pets in pots : superstitious belief in a medieval Christian (12th-14th century) village in Hungary / M&#xFFFD;arta Dar&#xFFFD;oczi-Szab&#xFFFD;o -- "Left" is "right" : the symbolism behind side choice among ancient animal sacrifices / Michael MacKinnon -- The composition and interpretation of associated bone groups from Wessex / James Morris -- Making themselves at home : the archaeology of commensal vertebrates / Terry O'Connor.</subfield>
  </datafield>
  <datafield tag="533" ind1=" " ind2=" ">
    <subfield code="a">Electronic reproduction.</subfield>
    <subfield code="b">Palo Alto, Calif. :</subfield>
    <subfield code="c">ebrary,</subfield>
    <subfield code="d">2013.</subfield>
    <subfield code="n">Available via World Wide Web.</subfield>
    <subfield code="n">Access may be limited to ebrary affiliated libraries.</subfield>
  </datafield>
  <datafield tag="650" ind1=" " ind2="0">
    <subfield code="a">Animal remains (Archaeology)</subfield>
  </datafield>
  <datafield tag="650" ind1=" " ind2="0">
    <subfield code="a">Social archaeology.</subfield>
  </datafield>
  <datafield tag="650" ind1=" " ind2="0">
    <subfield code="a">Human-animal relationships.</subfield>
  </datafield>
  <datafield tag="650" ind1=" " ind2="0">
    <subfield code="a">Colonies.</subfield>
  </datafield>
  <datafield tag="650" ind1=" " ind2="0">
    <subfield code="a">Rites and ceremonies.</subfield>
  </datafield>
  <datafield tag="655" ind1=" " ind2="7">
    <subfield code="a">Electronic books.</subfield>
    <subfield code="2">local</subfield>
  </datafield>
  <datafield tag="700" ind1="1" ind2=" ">
    <subfield code="a">Campana, Douglas V.</subfield>
  </datafield>
  <datafield tag="710" ind1="2" ind2=" ">
    <subfield code="a">ebrary, Inc.</subfield>
  </datafield>
  <datafield tag="856" ind1="4" ind2="0">
    <subfield code="u">http://site.ebrary.com/lib/rucke/Doc?id=10695224</subfield>
    <subfield code="z">An electronic book accessible through the World Wide Web; click to view</subfield>
  </datafield>
  <datafield tag="999" ind1=" " ind2=" ">
    <subfield code="c">9033</subfield>
    <subfield code="d">9033</subfield>
  </datafield>
</record>
